000 00441nab a2200145Ia 4500
003 ES-SlBCS
005 20210601125455.0
008 140529s1988-89 xxu||||| |||| 00| 0 eng d
041 _aeng
100 1 _aGeorge, Robert
_9159078
245 0 0 _aMoral Particularism, Thomism, and Traditions
_c Robert George
650 0 4 _aMoral-Particularismo
_9159079
773 0 _tReview of Methaphysics
_gvol. 42, 1988-89, págs. 593-606
_wRev843
942 _cAR
999 _c530929
_d530929